000 00828nam a22002537a 4500
003 dpl
005 20180809133012.0
008 180809b xxu||||| |||| 00| 0 eng d
010 _aA-869511
020 _c300.00
035 _aA-869511, A-869521
037 _bCen Lib/Ret
040 _aDPL
_bEN
_c0
082 _a305.56
_bEME
245 _aThe emerging dalit identity :
_cedited by Walter Fernandes
_bthe re-assertion of the subal terns /
260 _aNew Delhi
_bIndian Social Institute
_c1996
270 _a10, Institutional Area, Lodi Road
_bNew Delhi
_e110003
300 _avi,280p.
_c21cm(Hb)
500 _aIncludes bibliographical references and index
650 _aDalits
_zIndia
_972264
650 _aCaste
_zIndia
_96946
700 _aFernandes, Walter
_96949
942 _2ddc
_cEN
_h305.56
_mEME
999 _c123572
_d123572